Arts and Architecture /
Compilación de la revista Arts and Architecture que contiene los doce números publicados en el año 1946. La revista promovió todas las novedades en el arte, con especial énfasis en la arquitectura moderna norteamericana y se distinguió por otorgar patrocinios para estudiar casos de proyectos arquite...
Bewaard in:
| Andere auteurs: | |
|---|---|
| Formaat: | Boek |
| Taal: | Engels |
| Gepubliceerd in: |
Los Angeles, EUA :
Arts and Architecture,
1946
|
| Onderwerpen: | |
| Tags: |
Geen labels, Wees de eerste die dit record labelt!
|
MARC
| LEADER | 00000nam^a2200000^a^4500 | ||
|---|---|---|---|
| 001 | 000186773 | ||
| 005 | 20250521000000.0 | ||
| 009 | 20260310102236.939 | ||
| 037 | |a Acervo ITESO - Biblioteca | ||
| 041 | |a ING | ||
| 082 | |a 720. 5 |b ART 1946 | ||
| 240 | 1 | 1 | |a [Arts and Architecture] |
| 245 | 1 | 0 | |a Arts and Architecture / |c Dir. de J. Entenza. |
| 264 | 1 | |a Los Angeles, EUA : |b Arts and Architecture, |c 1946 | |
| 300 | |a 1 v. (varias paginaciones) | ||
| 336 | |a texto |b txt |2 rdacontenido | ||
| 337 | |a sin mediación |b n |2 rdamedio | ||
| 338 | |a volumen |b nc |2 rdasoporte | ||
| 520 | |a Compilación de la revista Arts and Architecture que contiene los doce números publicados en el año 1946. La revista promovió todas las novedades en el arte, con especial énfasis en la arquitectura moderna norteamericana y se distinguió por otorgar patrocinios para estudiar casos de proyectos arquitectónicos. | ||
| 649 | |a XX | ||
| 650 | |a Arquitectura - |x Publicaciones Periódicas Norteamericanas | ||
| 650 | |a Arte - |x Publicaciones Periódicas Norteamericanas | ||
| 650 | |a Departamentos | ||
| 650 | |a Vivienda Unifamiliar | ||
| 650 | |a Vivienda | ||
| 650 | |a Oficinas Empresariales | ||
| 650 | |a Arquitectura Moderna - |x Historia y Crítica | ||
| 650 | |a Arquitectura Norteamericana - |x Historia y Crítica | ||
| 650 | |a Decoración y Ornamentación - |x Historia y Crítica | ||
| 650 | |a Arquitectura - |x Historia y Crítica | ||
| 650 | |a Diseño Industrial | ||
| 650 | |a Desarrollo Comunitario | ||
| 650 | |a Cine | ||
| 650 | |a Música | ||
| 650 | |a Literatura | ||
| 650 | |a Arte Moderno - |x Historia y Crítica | ||
| 650 | |a Arte Norteamericano - |x Historia y Crítica | ||
| 650 | |a Arte - |x Historia y Crítica | ||
| 650 | |a Publicaciones Periódicas Norteamericanas | ||
| 700 | |a Entenza, John |e (dirección) | ||
| 910 | |a Fondo Julio de la Peña Lomelín | ||
| 920 | |a Impresos - Libros | ||
| 930 | |a Arquitectos Jaliscienses | ||
| 905 | |a 115 | ||
| 901 | |a 0500128519 |b IT1 |c JAL |u 20250521 | ||
| 902 | |a https://opac.biblio.iteso.mx/vufind/Record/000186773 | ||